Statistics for Ultimate Marvel Characters Quiz

Click here to take the quiz!

General Stats

  • This quiz has been taken 90 times
    (41 since last reset)
  • The average score is 128 of 492

Answer Stats

Identity/DescriptionAffiliationActor/ActressAlias% Correct
Hank Pym/Scott LangAvengersMichael Douglas, Paul RuddAnt Man
100%
T'ChallaAvengersChadwick BosemanBlack Panther
100%
Natasha Romanoff/Natalia Romanova/Yelena BolovaAvengers; S.H.I.E.L.D.Scarlet JohannsenBlack Widow
100%
Steve RogersAvengersChris EvansCaptain America
100%
Kate BishopYoung AvengersHawkeye
100%
Clint BartonAvengers; S.H.I.E.L.D.Jeremy RennerHawkeye
100%
Bruce BannerAvengersMark Ruffalo, Edward Norton, Eric BanaHulk
100%
Tony StarkAvengersRobert Downey, Jr.Iron Man
100%
Donald Blake/God of ThunderAvengers; AsgardiansChris HemsworthThor
100%
Carol DanversAvengersBrie LarsonCaptain Marvel
94%
Stephen StrangeAvengers; Midnight SonsBenedict CumberbatchDr. Strange
94%
Janet van Dyne/Hope van DyneAvengersEvangeline LilyWasp
94%
Director of S.H.I.E.L.D.Avengers; S.H.I.E.L.D.Samuel L. JacksonNick Fury
92%
Wanda MaximoffAvengers; X-MenElizabeth OlsenScarlet Witch
92%
James RhodesAvengersDon CheadleWar Machine
92%
James "Bucky" BarnesAvengers; Hydra (formally)Sebastian StanWinter Soldier
92%
Sam WilsonAvengersAnthony MackieFalcon
89%
Pietro MaximoffAvengers; X-Men; Brotherhood of MutantsAaron Taylor-JohnsonQuicksilver
86%
Host of the Mind Stone; androidAvengersPaul BettanyVision
86%
Peter Parker/Miles Morales/Miguel O'HaraAvengers (MCU); Fantastic FourTom Holland, Andrew Garfield, Tobey MaguireSpider-Man
83%
"Tree"Guardians of the GalaxyVin DieselGroot
78%
Peter QuillGuardians of the GalaxyChris PrattStar Lord
78%
the DestroyerGuardians of the GalaxyDave BautistaDrax
72%
Daughter of ThanosGuardians of the GalaxyZoe SaldanaGamora
72%
god of mischiefAsgardians; Masters of EvilTom HiddlestonLoki
72%
Johnny StormFantastic FourHuman Torch
69%
Other Daughter of ThanosGuardians of the GalaxyKaren GillianNebula
69%
Jennifer WaltersAvengersTatiana MaslanyShe-Hulk
69%
Wade WilsonX-Men; X-Force; Weapon XRyan ReynoldsDeadpool
67%
Mad TitanBlack OrderJosh BrolinThanos
67%
"Rabbit"Guardians of the GalaxyBradley CooperRocket Racoon
64%
James "Logan" HowlettX-Men; AvengersHugh JackmanWolverine
64%
Scott SummersX-MenCyclops
61%
Matthew MurdockDefenders; Marvel KnightsCharlie Cox, Ben AffleckDaredevil
61%
illegitimate son of ZeusAvengersHercules
61%
Reed RichardsFantastic FourMr. Fantastic
61%
Shang-ChiAvengers; Heroes for HireSimu LiuShang-Chi
61%
Charles XavierX-MenPatrick Stewart, James McAvoyProfessor X
58%
Ororo MunroeX-MenHalle Berry,Storm
58%
Hank McCoyX-MenKelsey Grammar, Nicolus HoltBeast
56%
ruler of Hel, daughter of OdinAsgardiansHela
56%
"Alien"Guardians of the GalaxyMantis
56%
Marc Spector/Steven Grant/Jake LockleyDefenders; Avengers; Heroes for Hire; Midnight SonsOscar IsaacMoon Knight
56%
Kamala KhanInhumansIman VellaniMs. Marvel
56%
king of AsgardAsgardiansAnthony HopkinsOdin
56%
Jean GreyX-MenPhoenix
56%
Ben GrimmFantastic FourThing
56%
Warren Worthington IIIX-MenAngel/Archangel
53%
Blackagar BoltagonInhumansAnson MountBlack Bolt
53%
Piotr RasputinX-MenColossus
53%
Norman OsbornSinister SixWillem Dafoe,Green Goblin
53%
Bobby DrakeX-MenIceman
53%
Susan Storm RichardsFantastic FourInvisible Woman
53%
Daniel RandDefenders; Heroes for Hire; Thunderbolts; Midnight SonsFinn JonesIron Fist
53%
Wilson FiskVincent D'OnofrioKingpin
53%
Erik LensherrBrotherhood of MutantsIan McKellan, Michael FasbenderMagneto
53%
Thaddeus "Thunderbolt" RossThunderbolts; AvengersWilliam HoltRed Hulk
53%
Flint MarcoSinister Six; Masters of EvilSandman
53%
daughter of Red SkullHydraSin
53%
Jessica DrewAvengersSpider Woman
53%
created by Tony Stark & Hank Pym/Bruce BannerMasters of EvilJames SpaderUltron
53%
Eddie BrockSymbiotes, Sinister SixTopher Grace, Tom HardyVenom/Anti-Venom
53%
Cletus KassidySymbiotesWoody HarrelsonCarnage
50%
Victor von DoomMasters of EvilDr. Doom
50%
Maxwell DillonSinister SixJamie FoxxElectro
50%
Ava StarrThunderbolts (formally)Ghost
50%
Johnny Blaze/Robbie Reyes/Danny KetchLegion of Monsters; Defenders; Heroes for Hire; Thunderbolts; Midnight SonsNicolas Cage, Gabriel LunaGhost Rider
50%
gatekeeper of AsgardAsgardiansIdris ElbaHeimdall
50%
InheritorsKarn
50%
Curt ConnorsSinister SixLizard
50%
Carl LucasDefenders; Heroes for Hire; ThunderboltsMike CoulterLuke Cage
50%
Fury's right hand womanS.H.I.E.L.D.Colbie SmoldersMaria Hill
50%
Quentin BeckSinister SixJake GyllenhaalMysterio
50%
Raven DarkholmeBrotherhood of MutantsMystique
50%
the Sub-MarinerAvengersNamor
50%
Kurt WagnerX-MenNightcrawler
50%
Johann SchmidtHydraHugo WeavingRed Skull
50%
Pepper PottsAvengersGwenyth PaltrowRescue
50%
Anna MarieX-MenRogue
50%
lady warrior of AsgardAsgardiansJaime AlexanderSif
50%
Clandestines/DjinnAadam
47%
Adam WarlockGuardians of the GalaxyWill PoulterAdam Warlock
47%
Olympian god of warAvengersAres
47%
Helmut ZemoHydra; Masters of EvilDaniel BruhlBaron Zemo
47%
Elektra NachiosThunderbolts; the Hand (formally)Elektra
47%
Remy LeBeauX-MenGambit
47%
Cain MarkoBrotherhood of MutantsJuggernaut
47%
Michael MorbiusLegion of Monsters; Midnight SonsJared LetoMorbius
47%
Frank CastleThunderbolts; Heroes for Hire; Midnight SonsJon Bernthal, Thomas Kane, Ray StevensonPunisher
47%
Aleksei SytsevichSinister Six; Masters of EvilRhino
47%
Victor CreedBrotherhood of Mutants; Weapon XSabretooth
47%
Norinn RaddFantastic FourSilver Surfer
47%
Adrian ToomesA.I.M.; Sinister SixMichael KeatonVulture
47%
Emil BlonskyMasters of EvilTim RothAbomination
44%
En Sabah NurOscar IsaacApocalypse
44%
Lucas BishopX-MenBishop
44%
Felicia HardyDefenders; Heroes for Hire; Midnight SonsBlack Cat
44%
Nathan SummersX-MenCable
44%
loved by both Thanos and DeadpoolDeath
44%
Otto OctaviusSinister Six; Masters of EvilAlfred MolinaDr. Octopus
44%
the living planetCelestialsKurt RussellEgo
44%
John AllerdyceBrotherhood of MutantsPyro
44%
Mac GarganSinister Six; Masters of EvilScorpion
44%
Tony Masters/Antonia DreykovHydraTaskmaster
44%
Ivan VankoA.I.M.; Masters of EvilWhiplash
44%
Olympian god of lightningRussell CroweZeus
44%
Nathan Garrett/Dane WhitmanKnights of the Round Table; Masters of Evil (formally)Kitt HarringtonBlack Knight
42%
Fred DukesBrotherhood of MutantsBlob
42%
Brian BraddockAvengers; Hellfire Club; ExcaliburCaptain Britain
42%
Brock RumlowMasters of Evil; ThunderboltsFrank GrilloCrossbones
42%
Ned Leeds/Roderick KingsleyHobgoblin
42%
Jubilation LeeX-MenJubilee
42%
leader of the DeviantsKro
42%
Aldrich Killian/Trevor Slattery/Zhang Tong/WenwuTen RingsMandarin
42%
Medusalith Amequelin-BoltagonInhumansMedusa
42%
Marvel's version of the devilMasters of EvilMephisto
42%
Richard Rider/Sam AlexanderGuardians of the Galaxy; AvengersNova
42%
Sean CassidyX-MenBanshee
39%
Eric BrooksWesley Snipes, Mahershala AliBlade
39%
Neena ThurmanX-Men; X-ForceDomino
39%
ruler of the dark dimensionBenedict CumberbatchDormammu
39%
Black OrderEbony Maw
39%
Alex SummersX-MenHavok
39%
Sergei KravinoffSinister SixKraven the Hunter
39%
George Tarlton/Darren CrossA.I.M.; Masters of EvilCorey StollM.O.D.O.K.
39%
Elizabeth BraddockX-Men; Brotherhood of MutantsPsylocke
39%
Herman SchultzSinister Six; Masters of EvilShocker
39%
BrunnhildeAsgardiansTessa ThompsonValkyrie
39%
Simon WilliamsAvengers; Masters of Evil (formally)Wonder Man
39%
Darron Cross/Rita DeMaraMasters of EvilYellowjacket
39%
Tanaleer TivanElder of the UniverseCollector
36%
the god butcherChristian BaleGorr
36%
EternalsIkaris
36%
cousin of MedusaInhumansKarnak
36%
Ulysses KlaueMasters of EvilKlaw
36%
leader of the dark elvesDark ElvesChristopher EcclestonMalekith
36%
Ted SallisLegion of Monsters; ThunderboltsMan-Thing
36%
Hobie Brown/Aaron DavisDefenders; Sinister SixProwler
36%
Black OrderProxima Midnight
36%
EternalsSprite
36%
Eros, Thanos' younger brotherEternalsHarry StylesStarfox
36%
Mortimer TonybeeBrotherhood of MutantsToad
36%
Warriors Three; AsgardiansRay StevensonVolstagg
36%
Laura KinneyX-MenX-23
36%
Peggy CarterS.H.I.E.L.D.Hayley AtwellAgent Carter/Captain Carter
33%
scientist of HydraHydraToby JonesArnim Zola
33%
wielder of StormbreakerAsgardiansBeta Ray Bill
33%
Sam GuthrieX-Men; X-ForceCannonball
33%
Black OrderCorvus Glaive
33%
Crystallia AmequelinInhumansCrystal
33%
AmoraAsgardians; Masters of EvilEnchantress
33%
EternalsGilgamesh
33%
Bill FosterAvengersLawrence FishburneGoliath/Atlas
33%
En Dwi GastElder of the UniverseJeff GoldblumGrandmaster
33%
Obadiah StaneJeff BridgesIron Monger
33%
real-life brother of director James GunnRavagers, Guardians of the GalaxySean GunnKraglin
33%
Barbara MorseAvengers; S.H.I.E.L.D.Mockingbird
33%
Nathaniel EssexMr. Sinister
33%
agent killed by Loki but brought back to life; loves vintage items and Cpt. AmericaS.H.I.E.L.D.Clark GreggPhil Coulson
33%
Monica RambeauAvengersPhoton/Spectrum
33%
Daisy "Skye" JohnsonS.H.I.E.L.D.; InhumansChloe BennettQuake
33%
Betty RossAvengers; DefendersRed She-Hulk
33%
EternalsGemma ChanSersi
33%
Kitty PrideX-MenShadowcat
33%
EternalsAngelina JolieThena
33%
Emma FrostX-Men; Hellfire ClubWhite Queen
33%
leader of the Masters of Mystic ArtsBenedict WongWong
33%
Carl "Crusher" CreelMasters of EvilAbsorbing Man
31%
EternalsSalma HayekAjak
31%
Alison BlaireX-MenDazzler
31%
Maya LopezEcho
31%
SkurgeAsgardians; Masters of EvilCarl UrbanExecutioner
31%
destroyer of worldsGalactus
31%
resident of DuckworldSeth GreenHoward the Duck
31%
Kronan warriorTaika WaititiKorg
31%
Samuel SternsMasters of EvilLeader
31%
EternalsMakkari
31%
Kree supremacistLee PaceRonan the Accuser
31%
Donna DiegoSymbiotesScream
31%
leader of the Hellfire ClubHellfire ClubKevin BaconSebastian Shaw
31%
Anya CorazonSpider Girl
31%
UatuElder of the UniverseThe Watcher
31%
Sharon CarterS.H.I.E.L.D.Agent 13/Power Broker
28%
Flash ThompsonS.H.I.E.L.D.; SymbiotesAgent Venom
28%
Karl MordoBaron Mordo
28%
Lester/Ben PoindexterThe HandBullseye
28%
Tyrone JohnsonRunaways; AvengersCloak
28%
Tandy BowenRunaways; AvengersDagger
28%
immortal vampireDracula
28%
Elsa BloodstoneMidnight SonsElsa Bloodstone
28%
Warriors Three; AsgardiansHogun
28%
EternalsKingo
28%
M'BakuMasters of EvilWinston DukeMan-Ape
28%
Mercedes KnightDefenders; Heroes for HireMisty Knight
28%
Heather DouglasGuardians of the GalaxyMoondragon
28%
Lorna DaneX-MenPolaris
28%
Kevin "Kilgrave" ThompsonDavid TennantPurple Man
28%
Trevor Cole/Carlton DrakeSymbiotesRiot
28%
Silver SablinovaHeroes for HireSilver Sable
28%
Melissa GoldThunderbolts; Masters of EvilSongbird
28%
Roberto DeCostaX-MenSunspot
28%
fire giant from MuspelheimSurtur
28%
John WalkerAlpha FlightUS Agent
28%
Agnes BohnerKatherine HahnAgatha Harkness
25%
father of NightcrawlerHellfire ClubAzazel
25%
Black OrderBlack Dwarf/Cull Obsidan
25%
Claire FurgesonX-MenBlink
25%
Henry CampWrecking Crew; Masters of EvilBulldozer
25%
EternalsDruig
25%
Trish WalkerDefenders; AvengersHellcat
25%
Daimon HellstromDefenders; Hellfire Club; Midnight Sons; Masters of Evil (formally)Hellstrom
25%
Theodore AltmanYoung AvengersHulkling/Emperor Dorrek VIII
25%
Jessica JonesDefenders; Heroes for HireKrysten RitterJewel
25%
Yuriko OyamaBrotherhood of Mutants; Weapon XLady Deathstrike
25%
Jamie MaddroxBrotherhood of MutantsMultiple Man
25%
EternalsPhastos
25%
Walter LangkowskiAlpha FlightSasquatch
25%
Robert ReynoldsAvengersSentry
25%
James ProudstarX-MenWarpath
25%
Jacob RussellLegion of Monsters; Midnight SonsWerewolf by Night
25%
Ava AyalaHeroes for Hire, DefendersWhite Tiger
25%
Rahne SinclairX-MenWolfsbane
25%
leader of the RavagersGuardians of the GalaxyMichael RookerYondu Udonta
25%
Georges BatrocHydraBatroc the Leaper
22%
Colleen WingHeroes for Hire; the Hand (formally)Colleen Wing
22%
Anton VankoA.I.M.; Masters of EvilCrimson Dynamo
22%
Angelica JonesAvengers, X-Men, New WarriorsFirestar
22%
Maker, GenesisX-MenForge
22%
cousin of Black BoltInhumansGorgon
22%
James HudsonAlpha FlightGuardian
22%
Joseph, Mr. HMaggiaHammerhead
22%
Jane FosterNatalie PortmanMighty Thor
22%
Martin LiDemonsMr. Negative
22%
Robert BaldwinThunderbolts; New WarriorsPenance/Speedball
22%
Eugene JuddAlpha FlightPuck
22%
Ben Reilly/Kaine ParkerScarlet Spider
22%
Cindy MoonSilk
22%
Tommy ShephardYoung AvengersSpeed
22%
Doreen GreenAvengersSquirrel Girl
22%
Shiro YoshidaX-MenSunfire
22%
Jack DuquesneSwordsman
22%
ugly RavagerTaserface
22%
Greer NelsonAvengersTigra
22%
Patrick MulliganSymbiotesToxin
22%
Madame HydraHydraViper
22%
Billy KaplanYoung AvengersWiccan
22%
Rick JonesAvengersA-Bomb
19%
prophesied conqueror of AtlantisMasters of EvilAttuma
19%
Jeanne-Marie BeaubierAlpha FlightAurora
19%
Dominic PetrosBrotherhood of MutantsAvalanche
19%
Abner Jenkins/Janice LincolnThunderbolts; Sinister SixBeetle
19%
Adam BrashearBlue Marvel
19%
Jericho DrummHeroes for HireBrother Voodoo
19%
daughter of DormammuClea
19%
Karl/Karli MorgenthauFlag Smasher
19%
Morris BenchMasters of Evil; Sinister Six; Frightful Four; MaggiaHydro Man
19%
Riri WilliamsYoung AvengersIronheart
19%
Miles WarrenJackal
19%
Billy RussoMaggiaJigsaw
19%
Kevin PlunderSavagelandKa-Zar
19%
Sakaaran insectoid warriorMiek
19%
Karla SofenMasters of Evil; HydraMoonstone
19%
Jean-Paul BeaubierAlpha FlightNorthstar
19%
Eli BradleyYoung AvengersPatriot
19%
Jeffrey MaceS.H.I.E.L.D.Patriot
19%
Brian CaluskyWrecking Crew; Masters of EvilPiledriver
19%
Alexei ShostakovRed Guardian
19%
Ichiro YashidaSilver Samurai
19%
Daredevil's mentorStick
19%
Lonnie Thompson LincolnMaggiaTombstone
19%
older brother of KarnakInhumansTriton
19%
Dirk GarthwaiteWrecking Crew; Masters of EvilWrecker
19%
Wakandan panther goddessBast
17%
son of MephistoBlackheart
17%
Dmitri Anatoly Nikolayevich Smerdyakov; master of disguiseChameleon
17%
evil counterparts of the EternalsDeviants
17%
Willis StrykerDiamondback
17%
Leonard SamsonDoc Samson
17%
Charlie-Cluster 7X-Men; X-ForceFantomex
17%
Eric WilliamsHydraGrim Reaper
17%
Nathaniel Richards (He Who Remains)Jonathan MajorsKang the Conquerer
17%
Jason WyngardeBrotherhood of MutantsMastermind
17%
timekeeperTVAOwen WilsonMobius
17%
psionic entity after merging Prof X and MagnetoOnslaught
17%
offspring of original Captain Marvel & ElysiusGuardians of the GalaxyPhyla-Vell
17%
Michael TwoyoungmenAlpha FlightShaman
17%
Female Loki VariantSylvie
17%
Leland OwsleyThe Owl
17%
Eliot FranklinWrecking Crew; Masters of EvilThunderball
17%
Phineas MasonMasters of EvilTinkerer
17%
Mary WalkerThe HandTyphoid Mary
17%
Head of Weapon X programWeapon XWilliam Stryker
17%
Bentley WittmanMasters of Evil; Frightful FourWizard
17%
Alex WilderRunaways; Masters of EvilAlex
14%
Aldrif; daughter of odinAsgardiansAngela
14%
Tom CassidyBlack Tom Cassidy
14%
Cornell StokesMahershala AliCottonmouth
14%
Henry Hayes/Mike PetersonHydra (formally), S.H.I.E.L.D. (formally)Deathlok
14%
MakluanFin Fang Foom
14%
Mutant MessiahX-MenHope Summers
14%
Egyptian god of the moon/nightEnneadKhonshu
14%
Quentin QuireBrotherhood of MutantsKid Omega
14%
Daisy's sister from a previous timelineInhumans; S.H.I.E.L.D.Kora
14%
AlgrimDark ElvesKurse
14%
ability to defy probabilityX-MenLongshot
14%
Agnus CullyMasters of Evil; MaggiaMadame Masque
14%
Gorr's childIndia HemsworthMistress Love/Love
14%
Harvey Rupert ElderMole Man
14%
Ellie PhimisterX-MenNegasonic Teenage Warhead
14%
Karl LykosBrotherhood of MutantsSauron
14%
Nico MinoruRunawaysSister Grimm
14%
Anne McKenzieAlpha FlightSnowbird
14%
Rita WaywordX-ForceSpiral
14%
Cassie LangYoung AvengersStature
14%
Black OrderSupergiant
14%
Mary MacPherranTitania
14%
David Cannon/Charles MatthewsMasters of Evil; ThunderboltsWhirlwind
14%
being of pure electricity created to take on the HulkZzzax
14%
Leslie GesneriaSymbiotesAgony
11%
Egyptian goddess of destructionEnneadAmmit
11%
queen of the SovereignSovereignAyesha
11%
Baron von StruckerHydraBaron Strucker
11%
Selene GallioHellfire ClubBlack Queen
11%
creator of the SentinnelsBolivar Trask
11%
Luchino NefariaMaggiaCount Nefaria
11%
KallarkGuardians of the GalaxyGladiator
11%
Herbert WyndhamHigh Evolutionary
11%
Mark MiltonSquadron Supreme; ThunderboltsHyperion
11%
Jack HarrisonGuardians of the GalaxyJack Flag
11%
S.H.I.E.L.D. scientistS.H.I.E.L.D.Jemma Simmons
11%
Dormammu's servantKaecilius
11%
"the cure", JimmyX-MenLeech
11%
seduces and controls men to do her biddingAsgardiansLorelei
11%
Illyana RasputinX-MenMajik
11%
Marrina SmallwoodAlpha FlightMarrina
11%
"the calvary"S.H.I.E.L.D.Ming Na WenMelinda May
11%
America ChavezYoung AvengersMiss America
11%
Gertrude Yorkes & Old LaceRunawaysMoon Girl
11%
Calvin ZaboMasters of EvilMr. Hyde
11%
Carl MachSymbiotesPhage
11%
Chen Lu/Igor StancheckMasters of Evil; ThunderboltsRadioactive Man
11%
RainaInhumansRaina
11%
mercenary with blades for handsTen RingsRazor Fist
11%
Humberto LopezReptil
11%
green Minotaur, sorcerer at Kamer-TajRintrah
11%
daughter of SatanLegion of MonstersSatana
11%
Layla El-FaoulyScarlet Scarab
11%
Shanna O'HaraSavagelandShanna
11%
Alistair SmytheSpider Slayer
11%
Vincent StegronStegron
11%
Parker RobbinsThe Hand; Masters of EvilThe Hood
11%
Francis FreemanAjax
8%
avatar of AmmitEthan HawkeArthur Harrow
8%
Donnie GillA.I.M.; Masters of EvilBlizzard
8%
Fred MyersA.I.M.; Masters of EvilBoomerang
8%
John McIverBushmaster
8%
multiple tendrill limbsBrotherhood of MutantsCallisto
8%
Kazimierz KazimierczakClown
8%
Frank PayneMasters of Evil; Frightful Four; S.H.I.E.L.D. (formally)Constrictor
8%
Peggy's former partnerS.H.I.E.L.D.Daniel Sousa
8%
Cal'syee Neramani-SummersDeathbird
8%
assassin for the 10 RingsTen RingsDeath Dealer
8%
Red Room GeneralDreykov
8%
Gwen StacyEmma StoneGhost Spider
8%
Franklin Hall/Glenn TalbotMasters of EvilGraviton
8%
Paul Pierre DuvalA.I.M.; Masters of EvilGrey Gargoyle
8%
Eric GitterX-MenInk
8%
Jason MacendaleJack O'Lantern
8%
Ronan's righthand manKorath the Pursuer
8%
Andrew GarnerInhumansLash
8%
Vincent PatilioLeapfrog
8%
Mark RaxtonMolten Man
8%
InheritorsMorlun
8%
Gaveedra SevenX-ForceShatterstar
8%
Kayla SilverfoxX-MenSilverfox
8%
from FemizoniaSquadron Supreme, Frightful Four, Lady LiberatorsThundra
8%
Todd ArlissMasters of EvilTiger Shark
8%
James FalsworthInvadersUnion Jack
8%
Heather MacNeil HudsonAlpha FlightVindicator
8%
David NorthWeapon XAgent Zero
6%
alien bugAnnihilus
6%
Victor BorkowskiX-MenAnole
6%
A.R. CadenskiArcade
6%
Lemar HoskinsBattlestar
6%
android built by Prof. Gregson GilbertFrightful FourDragon Man
6%
Warriors Three; AsgardiansJosh Dallas, Zachary LeviFandrall
6%
Paul Norbert Ebersol/Roscoe SweeneyHydra; A.I.M.; Thunderbolts; Masters of EvilFixer
6%
Michael SteelU-FoesIronclad
6%
sarcastic British agent; love interest of Barbara Morse (in AoS)S.H.I.E.L.D.Lance Hunter
6%
Ramon Hernandez/Marcus SimmsSymbiotesLasher
6%
S.H.I.E.L.D. engineerS.H.I.E.L.D.Leo Fitz
6%
N'KantuLegion of MonstersLiving Mummy
6%
Maximillion BoltagonInhumansMaximus the Mad
6%
witchMorgan le Fay
6%
Craig HollisMr. Immortal
6%
Tilda JohnsonNightshade
6%
Paul DenningHeroes for HirePaladin
6%
Alexander GentryPorcupine
6%
Janos QuestedHellfire ClubRiptide
6%
Lady Jacqueline Falsworth CrichtonInvadersSpitfire
6%
DavosSteel Serpent
6%
Egyptian goddess of women and childrenEnneadTaweret
6%
Boris BullskiA.I.M.Titanium Man
6%
Simon UtrechtU-FoesVector
6%
Jimmy DarnellU-FoesX-Ray
6%
frost giant from NiffleheimYmir
6%
LMD Madame HydraHydraA.I.D.A.
3%
Clandestines/DjinnAisha
3%
Philippa SontagBrotherhood of MutantsArchlight
3%
mentor of Colleen WingThe HandBakuto
3%
Sebastion Gilberti/Nicholas HunterBrotherhood of MutantsBastion
3%
Roger BochsAlpha FlightBox
3%
Molly Hayes/HernandezRunawaysBruiser
3%
ValContessa Valentina Allegra de Fontaine
3%
Madame GaoCrane Mother
3%
Justine HammerA.I.M., Masters of EvilCrimson Cowl
3%
Andre DeschaineFear LordsD'spayre
3%
Gregory SalingerFoolkiller
3%
Keith KilliamImperfectsHazmat
3%
Julian KellerX-MenHellion
3%
Grant WardHydra; InhumansBrett DaltonHive
3%
timekeeper hunterTVAHunter B-15
3%
Scott WashingtonSymbiotesHybrid
3%
leader of rebels against Kang's empire in the quantum realmJentorra
3%
John OstrumImperfectsJohnny Ohm
3%
Clandestines/DjinnKamran
3%
Harry OsbornKindred
3%
Bruno HorganMasters of EvilMelter
3%
Linus LiebermanMicrochip
3%
Anton MogartMidnight Man
3%
Robert HunterA.I.M.; Masters of EvilNitro
3%
Rebecca TourminetTVARavonna Renslayer
3%
KareemRed Dagger
3%
Chan Ho YinScorch
3%
mutant alien from alternate universeSugar Man
3%
Chase SteinRunawaysTalkback
3%
Tudo SokutoThe HandTattoo
3%
Robert PilgrimThe Mennonite
3%
"The Ivan"MaggiaThe Russian
3%
rock troll warriorUlik
3%
Ann DarnellU-FoesVapor
3%
Victor ManchaRunawaysVictor Mancha
3%
Donald PierceWhite Bishop
3%
Axel CluneyX-ForceZeitgeist
3%
EternalsZuras
3%
sentient void at the end of timeAlioth
0%
mechanic; director after ACS.H.I.E.L.D.Alphonso "Mack" Mackenzie
0%
David AngarAngar the Screamer
0%
ChristinaAngel Dust
0%
agent that died after exposure to Terrigen MistS.H.I.E.L.D.Antoine Triplett
0%
John GarrettHydra, S.H.I.E.L.D. (formally)Aquarius
0%
Ray CarriganBlackout
0%
Marcus DanielsMasters of EvilBlackout
0%
Rick LandauImperfectsBrigade
0%
Eric SavinA.I.M.Coldblood
0%
Werner ReinhardtHydraDaniel Whitehall
0%
future grandson of the scientist and engineerS.H.I.E.L.D.Deke Shaw
0%
Tamara KurtzMutant Liberation Front; Brotherhood of MutantsDragoness
0%
Alejandro MontoyaEl Aguila
0%
acquired materialization powers from the DarkholdEli Morrow
0%
friendly ChronicomS.H.I.E.L.D.Enoch
0%
Clandestines/DjinnFariha
0%
Maria PetrovaImperfectsFault Zone
0%
Jack TaggartFirepower
0%
head of Global Council and HydraHydraGideon Malick
0%
JT JamesInhumansHellfire
0%
mother of the "Shrike" raceIzel
0%
ran "Afterlife" refuge for inhumansInhumansJiaying
0%
Karolina DeanRunawaysKarolina Dean
0%
John WraithX-Men; Weapon XWill.I.AmKrestel
0%
William TaurensMan-Bull
0%
Brigid O'ReillyMayhem
0%
OkoyeDora MilajeMidnight Angel
0%
Erik GeldenMind-Wave
0%
Clandestines/DjinnNajma
0%
shared Whitehall's belief of transferring powers from undeserving to deserving individualsNathaniel Malick
0%
alien scientist responsible for creating the ImperfectsImperfectsNiles Van Roekel
0%
MayaImperfectsParagon
0%
telepath from the quantum realmQuaz
0%
genetically engineered by Hydra scientist Daniel Whitehall to be the perfect soldierRuby Hale
0%
Clandestines/DjinnSaleem
0%
one of the oldest vampires on Earth; enemy of BladeSaracen
0%
the "predictor" of the ChronicomsSibyl
0%
Eliana "YoYo" RodriguezS.H.I.E.L.D.; InhumansSlingshot
0%
Reiko KurokakiImperfectsSolara
0%
Lincoln CampbellInhumansSparkplug
0%
Evan DanielsBrotherhood of MutantsSpyke
0%
Angel SalvadoreBrotherhood of MutantsTempest
0%
Gustav FiersThe Gentleman
0%
Anton IvanovThe Superior
0%
delivered the super soldier serum that created the Red Skull and Hydra as an organizationHydraWilfred Malick
0%
Benedetta GaetaniImperfectsWink
0%

Score Distribution

Percentile by Number Answered

Percent of People with Each Score

Your Score History

You have not taken this quiz since the last reset